Измерительно-вычислительный комплекс коммерческого учёта попутного нефтяного газа; Современные техника и технологии; Т. 1

Dades bibliogràfiques
Parent link:Современные техника и технологии: сборник трудов XV Международной научно-практической конференции студентов, аспирантов и молодых ученых, Томск, 4-8 мая 2009 г/ Национальный исследовательский Томский политехнический университет (ТПУ).— , 2009
Т. 1.— 2009.— [С. 263-264]
Autor principal: Чебыкина Т. А.
Altres autors: Степанов А. Б. (научный руководитель)
Sumari:Заглавие с титульного листа
Электронная версия печатной публикации
Idioma:rus
Publicat: 2009
Matèries:
Accés en línia:http://www.lib.tpu.ru/fulltext/c/2009/C01/V1/132.pdf
Format: MixedMaterials Electrònic Capítol de llibre
KOHA link:https://koha.lib.tpu.ru/cgi-bin/koha/opac-detail.pl?biblionumber=242080

MARC

LEADER 00000naa2a2200000 4500
001 242080
005 20251218154921.0
035 |a (RuTPU)RU\TPU\book\263376 
035 |a RU\TPU\book\263375 
090 |a 242080 
100 |a 20130823d2009 k y0rusy50 ca 
101 0 |a rus 
102 |a RU 
135 |a drnn ---uucaa 
181 0 |a i  
182 0 |a b 
200 1 |a Измерительно-вычислительный комплекс коммерческого учёта попутного нефтяного газа  |f Т. А. Чебыкина  |g науч. рук. А. Б. Степанов 
203 |a Текст  |c электронный 
215 |a 1 файл (345 Кб) 
300 |a Заглавие с титульного листа 
300 |a Электронная версия печатной публикации 
337 |a Adobe Reader 
461 0 |0 (RuTPU)RU\TPU\book\261117  |t Современные техника и технологии  |o сборник трудов XV Международной научно-практической конференции студентов, аспирантов и молодых ученых, Томск, 4-8 мая 2009 г  |o в 3 т.  |f Национальный исследовательский Томский политехнический университет (ТПУ)  |d 2009 
463 0 |0 (RuTPU)RU\TPU\book\261157  |t Т. 1  |v [С. 263-264]  |d 2009 
610 1 |a электронный ресурс 
610 1 |a труды учёных ТПУ 
610 1 |a попутный нефтяной газ 
610 1 |a коммерческий учет 
610 1 |a измерительно-вычислительные комплексы 
610 1 |a учетные параметры 
610 1 |a датчики 
610 1 |a схемы 
610 1 |a основные характеристики 
700 1 |a Чебыкина  |b Т. А. 
702 1 |a Степанов  |b А. Б.  |4 727 
801 1 |a RU  |b 63413507  |c 20130617 
801 2 |a RU  |b 63413507  |c 20131028  |g RCR 
856 4 |u http://www.lib.tpu.ru/fulltext/c/2009/C01/V1/132.pdf 
942 |c CF